| 000 | 00519nam 22001813 4500 | ||
|---|---|---|---|
| 001 | 201895 | ||
| 090 | _a201895 | ||
| 100 | _a20260422d u||y0pory50 ba | ||
| 200 |
_aIntrodução à leitura d'Os Maias _fCarlos Reis |
||
| 210 |
_aPaço de Arcos _cExpresso _dimp. 2013 |
||
| 215 |
_a126 p. _cbrochado _d19 cm |
||
| 225 |
_aEça agora _h7 |
||
| 606 |
_93661 _aCrítica Literária.Estudos Literários |
||
| 675 |
_a82.09 _vPT _zpor |
||
| 700 |
_98862 _aReis _bCarlos _f1950- |
||
| 801 |
_aPT _bBMMN _gRPC |
||
| 830 | _cVanda | ||
| 990 | _cLIVROS | ||